| 000 | 00872nam a2200253 a 4500 | ||
|---|---|---|---|
| 001 | 000009736 | ||
| 003 | DO-SdBNP | ||
| 005 | 20240412074212.0 | ||
| 008 | 091001s2001 dr ac r 000 0 spa d | ||
| 020 | _a9993483931 | ||
| 040 |
_aDO-SdBNP _bspa _cBNPHU |
||
| 082 | 4 |
_aRD861.44 _bC117m |
|
| 100 | 1 |
_aCabral, Manuel del, _d1907-1999 _923556 |
|
| 245 | 1 | 3 |
_aLa magia de lo permanente : _bantología poética de Manuel del Cabral / _cTomás Castro Burdiez, compilador. |
| 260 |
_aSanto Domingo : _bCiguapa, _c2001. |
||
| 300 |
_a244 p. : _bil., retr. ; _c22 cm. |
||
| 590 | _aInventariado, 2018/BT | ||
| 600 | 1 | 0 |
_aCabral, Manuel del, _d1907-1999 _xCrítica e interpretación _923556 |
| 650 | 4 |
_aPoesía dominicana _966 |
|
| 650 | 0 |
_aLiteratura dominicana. _967 |
|
| 700 |
_aCastro, Tomás, _d1959- _924641 |
||
| 910 | _aValidado. Control de calidad. MFF | ||
| 942 |
_2ddc _cLBS1 |
||
| 999 |
_c9496 _d9496 |
||